Footballeurs suisses (par images). - Statistiques

Statistiques générales
  • Ce quiz a été pris 249 fois
  • Le résultat moyen est 8 sur 16
Statistiques - réponses
Par images Réponse % Correct
Granit Xhaka
98%
Xherdan Shaqiri
94%
Yann Sommer
92%
Manuel Akanji
86%
Ricardo Rodríguez
79%
Denis Zakaria
56%
Alexander Frei
54%
Stephan Lichtsteiner
50%
Fabian Schär
43%
Diego Benaglio
42%
Gökhan Inler
36%
Stéphane Chapuisat
28%
Stéphane Henchoz
16%
Alain Geiger
12%
Ciriaco Sforza
11%
Heinz Hermann
4%
Aucun quiz correspondant
Distribution des résultats
% des personnes avec chaque résultat
Percentile par nombre de réponses
Votre historique - résultats
Vous n’avez pas pris ce quiz